| 000 | 00894nam a22002177a 4500 | ||
|---|---|---|---|
| 999 |
_c1867 _d1867 |
||
| 003 | AR-CdUCM | ||
| 008 | 190228b ||||| |||| 00| 0 spa d | ||
| 040 |
_aMUNICIPALIDAD PROVINCIAL DEL CUSCO _cBIBLIOTECA MUNICIPAL DEL CUSCO |
||
| 082 |
_a376.4 / _bS18 |
||
| 100 |
_aSalazar Romero, Carlos _96841 |
||
| 245 | _aPrincipios y Practicas para la Educación secundaria en el Perú / | ||
| 260 |
_aLima : _bP. L. Villanueva, _c1961. |
||
| 300 |
_a312 paginas ; _c20 cm. |
||
| 505 | _aEstado de la educación secundaria anterior a la reforma -- Principios curriculares en los que se basa la reforma -- Los métodos modernos para nuestra enseñanza secundaria -- El estudio dirigido... | ||
| 650 |
_aEducación Secundaria _94648 |
||
| 650 |
_aInstrucción media _96842 |
||
| 650 |
_aEnseñanza _91616 |
||
| 650 |
_aMétodos de enseñanza _94066 |
||
| 942 |
_2ddc _cLIBROS |
||
| 945 |
_awnts _d2019-02-27 |
||